000 00448nam a2200169Ia 4500
008 090711s9999 xx 000 0 und d
082 _b23464
100 _aवर्टी अनंत वा.
245 _aहेरंब
260 _c1970
300 _a87
600 _aवर्टी अनंत वा.
630 _aहेरंब
700 _aवर्टी अनंत वा.
730 _aहेरंब
942 _cBOOK
999 _c299312
_d299312